[Event "1st Grand Europe Open"]
[Site "Golden Sands BUL"]
[Date "2012.06.11"]
[Round "8.8"]
[White "Grigoryan, Karen H."]
[Black "Petrosian, Tigran L."]
[Result "1/2-1/2"]
[WhiteTitle "IM"]
[BlackTitle "GM"]
[WhiteElo "2517"]
[BlackElo "2657"]
[WhiteFideId "13301004"]
[BlackFideId "13301616"]
[EventDate "2012.06.04"]
[EventType "swiss"]

1. d4 d6 2. e4 g6 3. c4 Bg7 4. Nc3 Nf6 5. Be2 O-O 6. Nf3 Bg4 7. Be3 Nfd7 8. Ng1
Bxe2 9. Ngxe2 c5 10. d5 Ne5 11. b3 Qa5 12. Rc1 b5 13. cxb5 a6 14. bxa6 Nxa6 15.
O-O Rfb8 16. Qd2 Nb4 17. Na4 c4 18. Nec3 Nxa2 19. Qxa2 Nd3 20. Rb1 Bxc3 21. Qc2
Bf6 22. Qxc4 Ne5 23. Qc2 Qb5 24. Rfd1 Rc8 25. Qd2 Rab8 26. Bd4 Qb4 27. Kf1 Qxd2
28. Rxd2 Rb4 29. Rdd1 Rc2 30. h3 Nd7 31. Bxf6 Nxf6 32. f3 Nh5 33. Rb2 Rxb2 34.
Nxb2 Rxb3 35. Nd3 f5 36. Ke2 Kf7 37. g4 Nf6 38. Ke3 Ra3 39. gxf5 gxf5 40. Kf4
fxe4 41. fxe4 Ra4 42. Nf2 Nd7 43. Nd3 Ra3 44. e5 Nb6 45. exd6 exd6 46. Nf2 Ra5
47. Ke4 Nd7 48. Kf5 Nf6 49. Ne4 Nxe4 50. Kxe4 Ra4+ 51. Kf5 Rh4 52. Rd3 Rh5+ 53.
Ke4 Kg6 54. Rg3+ Rg5 55. Rb3 Re5+ 56. Kd4 Rf5 57. Rb7 Rf7 58. Rb8 Kf5 59. Re8
Rf6 60. Kc4 Rh6 61. Kb5 Rxh3 62. Kc6 Rh6 63. Re7 Rh1 64. Kxd6 h5 65. Kd7 h4 66.
d6 h3 67. Ke8 h2 68. d7 Rd1 69. Rh7 h1=Q 70. Rxh1 Rxh1 71. d8=Q Rh8+ 72. Ke7
Rxd8 73. Kxd8 Ke5 1/2-1/2

[Event "1st Grand Europe Open"]
[Site "Golden Sands BUL"]
[Date "2012.06.11"]
[Round "8.9"]
[White "Parligras, Mircea-Emilian"]
[Black "Drenchev, Petar"]
[Result "1/2-1/2"]
[WhiteTitle "GM"]
[BlackTitle "GM"]
[WhiteElo "2622"]
[BlackElo "2496"]
[WhiteFideId "1204297"]
[BlackFideId "2903261"]
[EventDate "2012.06.04"]
[EventType "swiss"]

1. d4 Nf6 2. c4 e6 3. Nc3 d5 4. cxd5 exd5 5. Bg5 c6 6. Qc2 Be7 7. e3 Nbd7 8. Bd3
O-O 9. Nge2 Re8 10. O-O Nf8 11. f3 Be6 12. Rad1 Rc8 13. h3 N6d7 14. Bxe7 Qxe7
15. e4 dxe4 16. fxe4 c5 17. d5 c4 18. dxe6 fxe6 19. Nf4 cxd3 20. Qxd3 Ne5 21.
Qd4 Qc5 22. Qxc5 Rxc5 23. Nd3 Nxd3 24. Rxd3 a6 25. Rd6 Rc7 26. Rfd1 1/2-1/2

[Event "1st Grand Europe Open"]
[Site "Golden Sands BUL"]
[Date "2012.06.11"]
[Round "8.10"]
[White "L'Ami, Erwin"]
[Black "Kanarek, Marcel"]
[Result "1-0"]
[WhiteTitle "GM"]
[BlackTitle "IM"]
[WhiteElo "2605"]
[BlackElo "2484"]
[WhiteFideId "1007998"]
[BlackFideId "1126822"]
[EventDate "2012.06.04"]
[EventType "swiss"]

1. d4 Nf6 2. c4 g6 3. g3 Bg7 4. Bg2 O-O 5. Nf3 d6 6. O-O Nc6 7. Nc3 Bf5 8. d5
Na5 9. Nd4 Bd7 10. b3 c5 11. Nc2 a6 12. Bd2 b5 13. Qe1 bxc4 14. Nd1 Nb7 15. bxc4
Rb8 16. Bc3 Ng4 17. Bxg7 Kxg7 18. Nde3 Qa5 19. Qc1 Qc3 20. Nxg4 Bxg4 21. Ne3
Qxc1 22. Raxc1 Bd7 23. Rc3 a5 24. Rb3 a4 25. Rb6 Na5 26. Rfb1 Ra8 27. Be4 Rfc8
28. Kf1 Kf8 29. Ke1 Ke8 30. Kd2 Kd8 31. Kc3 Kc7 32. R6b2 Ra6 33. f4 Re8 34. Bd3
e5 35. dxe6 fxe6 36. Ng4 Rf8 37. e4 a3 38. Rf2 Nc6 39. Ne3 Nb4 40. g4 Rb6 41.
Rbf1 Bc6 42. Bb1 d5 43. cxd5 exd5 44. exd5 Nxd5+ 45. Nxd5+ Bxd5 46. f5 Rfb8 47.
Bd3 gxf5 48. gxf5 Rf6 49. Rg1 Kc6 50. Rg7 Rb7 51. Rxb7 Kxb7 52. Bc4 Kc6 53. Kb3
h5 54. Bxd5+ Kxd5 55. Kxa3 Kd4 56. Kb3 Ke3 57. Rf1 Ke2 58. Rf4 Ke3 59. Rh4 Rxf5
60. Kc4 Kf3 61. a4 Kg2 62. a5 Rg5 63. a6 Rg6 64. Kb5 c4 65. Rxh5 c3 66. a7 Rg8
67. Rc5 1-0

[Event "1st Grand Europe Open"]
[Site "Golden Sands BUL"]
[Date "2012.06.11"]
[Round "8.12"]
[White "Grigoryan, Avetik"]
[Black "Naroditsky, Daniel"]
[Result "1-0"]
[WhiteTitle "GM"]
[BlackTitle "IM"]
[WhiteElo "2581"]
[BlackElo "2479"]
[WhiteFideId "13302191"]
[BlackFideId "2026961"]
[EventDate "2012.06.04"]
[EventType "swiss"]

1. d4 Nf6 2. c4 e6 3. g3 Bb4+ 4. Bd2 Be7 5. Bg2 d5 6. Nf3 O-O 7. O-O c6 8. Qc2
b6 9. Rd1 Ba6 10. b3 Nbd7 11. Bf4 Rc8 12. Nc3 Nh5 13. Bc1 f5 14. e3 Bd6 15. a4
Nhf6 16. Bb2 dxc4 17. Bf1 cxb3 18. Qxb3 Bxf1 19. Qxe6+ Kh8 20. Rxf1 Bb4 21. Rfc1
Qe8 22. Qxe8 Rfxe8 23. Ba3 a5 24. Kf1 Kg8 25. Ke2 Bxa3 26. Rxa3 b5 27. axb5 cxb5
28. Raa1 b4 29. Na4 Nd5 30. Nd2 N7f6 31. Rxc8 Rxc8 32. Nc5 Ra8 33. Nc4 a4 34. f3
a3 35. Kd3 Rd8 36. e4 fxe4+ 37. fxe4 Nc7 38. Na5 Rb8 39. Kc4 Re8 40. e5 Nfd5 41.
Nc6 Ra8 42. Nxb4 Nxb4 43. Kxb4 Nd5+ 44. Kb3 Ne3 45. Rxa3 Rxa3+ 46. Kxa3 Nc2+ 47.
Kb3 Nxd4+ 48. Kc4 Nf5 49. Kd5 1-0

[Event "1st Grand Europe Open"]
[Site "Golden Sands BUL"]
[Date "2012.06.11"]
[Round "8.13"]
[White "Chatalbashev, Boris"]
[Black "Virovlansky, Semen"]
[Result "0-1"]
[WhiteTitle "GM"]
[BlackTitle "IM"]
[WhiteElo "2575"]
[BlackElo "2445"]
[WhiteFideId "2900440"]
[BlackFideId "4125207"]
[EventDate "2012.06.04"]
[EventType "swiss"]

1. d4 Nf6 2. c4 e6 3. Nf3 b6 4. Nc3 Bb7 5. Bg5 Be7 6. e3 Ne4 7. Nxe4 Bxe4 8. Bf4
O-O 9. Bd3 Bxd3 10. Qxd3 d6 11. O-O Nd7 12. e4 Re8 13. Rad1 Qc8 14. b4 Qb7 15.
d5 e5 16. Bd2 g6 17. Rc1 Reb8 18. Ng5 h6 19. Nh3 Bf8 20. f4 exf4 21. Bxf4 Bg7
22. Qd2 g5 23. Bg3 Re8 24. Nf2 Qc8 25. h4 Qd8 26. hxg5 Qxg5 27. Bf4 Qg6 28. Rfe1
Nf6 29. e5 Nh5 30. Nd3 Nxf4 31. Nxf4 Qg5 32. e6 fxe6 33. Rxe6 Rxe6 34. dxe6 Be5
35. Rf1 Re8 36. Rf3 Bxf4 37. Rxf4 Rxe6 38. Qf2 Re7 39. Rf5 Qg7 40. c5 dxc5 41.
bxc5 Rf7 42. c6 Rxf5 43. Qxf5 Qd4+ 44. Kh1 Qd1+ 45. Kh2 Qd6+ 46. g3 Qxc6 47.
Qg4+ Kf7 48. Qh5+ Kg7 0-1

[Event "1st Grand Europe Open"]
[Site "Golden Sands BUL"]
[Date "2012.06.11"]
[Round "8.14"]
[White "Swapnil, S. Dhopade"]
[Black "Esen, Baris"]
[Result "0-1"]
[WhiteTitle "IM"]
[BlackTitle "GM"]
[WhiteElo "2445"]
[BlackElo "2568"]
[WhiteFideId "5019184"]
[BlackFideId "6302114"]
[EventDate "2012.06.04"]
[EventType "swiss"]

1. d4 Nf6 2. c4 e6 3. Nf3 Bb4+ 4. Bd2 a5 5. g3 d6 6. Bg2 Nbd7 7. O-O e5 8. Nc3
O-O 9. Qc2 Re8 10. e4 exd4 11. Nxd4 Ne5 12. b3 Bc5 13. Nf5 h6 14. Rad1 Bd7 15.
h3 a4 16. Be3 axb3 17. axb3 Qc8 18. Bxc5 dxc5 19. Kh2 Bxf5 20. exf5 c6 21. Na4
Ned7 22. Rd6 Qc7 23. Rfd1 Re5 24. Qd2 Re7 25. Qc3 h5 26. Kg1 Rae8 27. Bf3 Re5
28. g4 Nf8 29. g5 N6h7 30. h4 Rxf5 31. Kf1 g6 32. Qd3 Ne6 33. Be4 Rf4 34. Bxg6
fxg6 35. Qxg6+ Ng7 36. Rd7 Rxf2+ 37. Kxf2 Qh2+ 38. Kf3 Qe2+ 39. Kg3 Re3+ 0-1

[Event "1st Grand Europe Open"]
[Site "Golden Sands BUL"]
[Date "2012.06.11"]
[Round "8.15"]
[White "Ashwin, Jayaram"]
[Black "Szabo, Gergely-Andras-Gyula"]
[Result "1-0"]
[WhiteTitle "IM"]
[BlackTitle "GM"]
[WhiteElo "2471"]
[BlackElo "2540"]
[WhiteFideId "5018137"]
[BlackFideId "1205064"]
[EventDate "2012.06.04"]
[EventType "swiss"]

1. d4 Nf6 2. c4 e6 3. g3 c5 4. d5 exd5 5. cxd5 d6 6. Nc3 g6 7. Bg2 Bg7 8. Nf3
O-O 9. O-O Re8 10. Bf4 a6 11. a4 Nh5 12. Bg5 Qc7 13. Qd2 Bg4 14. Bh6 Bxf3 15.
Bxf3 Nf6 16. g4 Bh8 17. Qf4 Qe7 18. Bg5 Nbd7 19. Ne4 Qxe4 20. Bxe4 Rxe4 21. Qc1
Rae8 22. f3 Rxe2 23. Qd1 R2e5 24. h4 Nxd5 25. Qd2 Ne3 26. Rfe1 Nc4 27. Rxe5 Bxe5
28. Qd5 Bxb2 29. Rb1 Bd4+ 30. Kf1 Ne3+ 31. Bxe3 Rxe3 32. Re1 Rxe1+ 33. Kxe1 b5
34. Qxd6 Ne5 35. a5 b4 36. f4 Nxg4 37. Qxa6 Ne3 38. Qb6 b3 39. Qxb3 c4 40. Qb8+
Kg7 41. Qd6 Nf5 42. Qc7 c3 43. a6 Nxh4 44. a7 Ng2+ 45. Ke2 Bxa7 46. Qxa7 Nxf4+
47. Kf3 Ne6 48. Qa1 Nd4+ 49. Ke4 Nb5 50. Qa6 c2 51. Qa1+ f6 52. Qb2 h5 53. Qxc2
Nd6+ 54. Kd5 Nf5 55. Qc7+ Kh6 56. Qf4+ Kg7 57. Ke6 1-0

[Event "1st Grand Europe Open"]
[Site "Golden Sands BUL"]
[Date "2012.06.11"]
[Round "8.16"]
[White "Mastrovasilis, Athanasios"]
[Black "Arnaudov, G. Petar"]
[Result "1/2-1/2"]
[WhiteTitle "GM"]
[BlackTitle "IM"]
[WhiteElo "2537"]
[BlackElo "2477"]
[WhiteFideId "4201990"]
[BlackFideId "2907127"]
[EventDate "2012.06.04"]
[EventType "swiss"]

1. c4 e5 2. g3 c5 3. Nc3 Nc6 4. Bg2 g6 5. a3 a5 6. Nf3 Bg7 7. d3 Nge7 8. Nd2 O-O
9. Nf1 d6 10. Ne3 Rb8 11. Rb1 b6 12. h4 h6 13. Bd2 Bb7 14. h5 g5 15. g4 f5 16.
Nxf5 Nxf5 17. gxf5 Rxf5 18. Be4 Rf8 19. e3 Kh8 20. Qg4 Bc8 21. Qg2 Ne7 22. a4
Ng8 23. Nd5 Be6 24. Ke2 Qd7 25. b3 Bg4+ 26. f3 Be6 27. Rbg1 1/2-1/2

[Event "1st Grand Europe Open"]
[Site "Golden Sands BUL"]
[Date "2012.06.11"]
[Round "8.17"]
[White "Wan, Yunguo"]
[Black "Mekhitarian, Krikor Sevag"]
[Result "1-0"]
[BlackTitle "GM"]
[WhiteElo "2456"]
[BlackElo "2531"]
[WhiteFideId "8603189"]
[BlackFideId "2107660"]
[EventDate "2012.06.04"]
[EventType "swiss"]

1. e4 e5 2. Nf3 Nc6 3. Bb5 a6 4. Ba4 Nf6 5. O-O b5 6. Bb3 Bc5 7. c3 d6 8. a4 Rb8
9. d4 Bb6 10. a5 Ba7 11. h3 O-O 12. Be3 exd4 13. cxd4 Nb4 14. Nc3 Bb7 15. e5
dxe5 16. dxe5 Bxe3 17. Qxd8 Rbxd8 18. fxe3 Nfd5 19. e4 Ne3 20. Ng5 Nc4 21. Bxc4
bxc4 22. Ra4 c5 23. e6 fxe6 24. Rxf8+ Rxf8 25. Nxe6 Rb8 26. Nxc5 Bc6 27. Ra1 Nd3
28. Nxa6 Rxb2 29. Nc7 Rb3 30. N7d5 Bxd5 31. Nxd5 c3 32. Ne3 Rb8 33. Ra3 Rc8 34.
a6 Nb4 35. a7 Ra8 36. Rb3 c2 37. Nxc2 Nc6 38. Nd4 Nxa7 39. Rb7 g6 40. e5 Nc8 41.
Nc6 Ra6 42. Rc7 Nb6 43. e6 Nd5 44. Rc8+ Kg7 45. e7 Nf6 46. Kh2 Rb6 47. h4 h5 48.
Kg3 Rb3+ 49. Kf4 Rc3 50. Ke5 Re3+ 51. Kd6 Rd3+ 52. Ke6 Rc3 53. Kd6 Rd3+ 54. Kc7
Rd7+ 55. Kb8 Rd6 56. Kb7 Re6 57. Ra8 Re1 58. Kc7 Re2 59. Kd6 Rxg2 60. Rf8 Re2
61. Ne5 Rd2+ 62. Ke6 Ra2 63. Rxf6 Ra8 64. Rxg6+ 1-0

[Event "1st Grand Europe Open"]
[Site "Golden Sands BUL"]
[Date "2012.06.11"]
[Round "8.18"]
[White "Popchev, Milko"]
[Black "Fier, Alexandr"]
[Result "0-1"]
[WhiteTitle "GM"]
[BlackTitle "GM"]
[WhiteElo "2450"]
[BlackElo "2596"]
[WhiteFideId "2900165"]
[BlackFideId "2107139"]
[EventDate "2012.06.04"]
[EventType "swiss"]

1. d4 g6 2. e4 d6 3. Nc3 Nf6 4. g3 Bg7 5. Bg2 O-O 6. Nge2 e5 7. O-O c6 8. a4 Na6
9. h3 exd4 10. Nxd4 Nb4 11. a5 Re8 12. Nb3 Be6 13. Ra4 c5 14. Bf4 Bf8 15. Qd2
Qd7 16. Kh2 d5 17. Be5 d4 18. Rxb4 dxc3 19. bxc3 Qxd2 20. Nxd2 Ng4+ 21. hxg4
cxb4 22. Bd4 Rad8 23. Nf3 Bg7 24. Bxa7 0-1

[Event "1st Grand Europe Open"]
[Site "Golden Sands BUL"]
[Date "2012.06.11"]
[Round "8.19"]
[White "Lilov, Valeri"]
[Black "Nabaty, Tamir"]
[Result "0-1"]
[WhiteTitle "FM"]
[BlackTitle "GM"]
[WhiteElo "2430"]
[BlackElo "2553"]
[WhiteFideId "2906597"]
[BlackFideId "2809052"]
[EventDate "2012.06.04"]
[EventType "swiss"]

1. c4 b6 2. Nc3 Bb7 3. e4 Nf6 4. e5 Ne4 5. Nxe4 Bxe4 6. d3 Bb7 7. Bf4 e6 8. d4
Qh4 9. Qd2 Bb4 10. Qxb4 Qxf4 11. Qd2 Qxd2+ 12. Kxd2 c5 13. dxc5 bxc5 14. Kc3 f6
15. Re1 Ke7 16. Nh3 Nc6 17. exf6+ gxf6 18. Nf4 Rag8 19. f3 a5 20. Bd3 Nd4 21.
Be4 Bxe4 22. fxe4 Rg4 23. Rhf1 h5 24. Rf2 h4 25. b3 Rhg8 26. Re3 Kd6 27. Re1 Ke7
28. Kd3 a4 29. b4 cxb4 30. Kxd4 Rxf4 31. Rxf4 e5+ 32. Kc5 exf4 33. Re2 Rb8 34.
Kd4 Ke6 35. h3 b3 36. axb3 axb3 37. Rb2 d6 38. Kc3 Ke5 39. Kd3 Rb7 0-1

[Event "1st Grand Europe Open"]
[Site "Golden Sands BUL"]
[Date "2012.06.11"]
[Round "8.20"]
[White "Nevednichy, Vladislav"]
[Black "Akshat, Khamparia"]
[Result "1-0"]
[WhiteTitle "GM"]
[BlackTitle "IM"]
[WhiteElo "2553"]
[BlackElo "2400"]
[WhiteFideId "1205730"]
[BlackFideId "5016541"]
[EventDate "2012.06.04"]
[EventType "swiss"]

1. c4 g6 2. Nc3 Bg7 3. g3 Nf6 4. Bg2 O-O 5. e4 d6 6. Nge2 c6 7. O-O a6 8. d4
Nfd7 9. Be3 c5 10. h3 Nc6 11. b3 Rb8 12. a4 Qa5 13. Rc1 cxd4 14. Nxd4 Nc5 15.
Nd5 Qd8 16. Ne2 e6 17. Ndc3 e5 18. Nd5 f5 19. exf5 gxf5 20. b4 Ne6 21. b5 Ne7
22. Bb6 Qe8 23. Nc7 Qd8 24. Nxe6 Qxb6 25. Nxf8 Kxf8 26. Nc3 e4 27. Nd5 Qd4 28.
Ne3 Qe5 29. Qh5 Be6 30. Rfd1 Kg8 31. Rc2 Ng6 32. Rcd2 1-0

[Event "1st Grand Europe Open"]
[Site "Golden Sands BUL"]
[Date "2012.06.11"]
[Round "8.21"]
[White "Georgiev, Krum"]
[Black "Sethuraman, S.P."]
[Result "0-1"]
[WhiteTitle "GM"]
[BlackTitle "GM"]
[WhiteElo "2421"]
[BlackElo "2546"]
[WhiteFideId "2900092"]
[BlackFideId "5021596"]
[EventDate "2012.06.04"]
[EventType "swiss"]

1. e4 c5 2. Nf3 e6 3. d3 Nc6 4. Nbd2 d5 5. g3 Bd6 6. Bg2 Nge7 7. O-O O-O 8. Re1
b6 9. h4 Bc7 10. Nf1 dxe4 11. dxe4 Ba6 12. Be3 Ng6 13. N1d2 e5 14. Bf1 Bc8 15.
c3 Bg4 16. Qa4 Nge7 17. Nh2 Bd7 18. Qc2 Qc8 19. a4 Be6 20. Bc4 Rd8 21. Nhf3 0-1

[Event "1st Grand Europe Open"]
[Site "Golden Sands BUL"]
[Date "2012.06.11"]
[Round "8.22"]
[White "Shirazi, Kamran"]
[Black "Yilmaz, Mustafa"]
[Result "1/2-1/2"]
[WhiteTitle "IM"]
[BlackTitle "IM"]
[WhiteElo "2372"]
[BlackElo "2536"]
[WhiteFideId "2000733"]
[BlackFideId "6302718"]
[EventDate "2012.06.04"]
[EventType "swiss"]

1. e4 c5 2. Nf3 d6 3. d4 cxd4 4. Nxd4 Nf6 5. Nc3 a6 6. Bc4 e6 7. a3 Be7 8. Ba2
O-O 9. g4 d5 10. exd5 Nxd5 11. Nxd5 exd5 12. Nf5 Bxf5 13. gxf5 d4 14. Qg4 Bf6
15. O-O Nd7 16. Bd2 Rc8 17. Bb4 Nc5 18. Rad1 Qb6 19. Bc4 a5 20. Bxc5 Rxc5 21. b3
Qc6 22. a4 Rxc4 23. bxc4 Qxa4 24. Qe2 Rc8 25. Ra1 Qxc4 26. Qxc4 Rxc4 27. Rxa5 h5
28. Rb1 Rxc2 29. Rxb7 d3 30. Rd5 d2 31. Kg2 Bh4 32. Rbd7 d1=Q 33. Rxd1 Rxf2+ 34.
Kh3 Bg5 35. Kg3 Rxf5 36. R1d3 Bf4+ 37. Kf3 1/2-1/2

[Event "1st Grand Europe Open"]
[Site "Golden Sands BUL"]
[Date "2012.06.11"]
[Round "8.23"]
[White "Dimov, Dian"]
[Black "Al-Sayed, Mohammed"]
[Result "0-1"]
[BlackTitle "GM"]
[WhiteElo "2289"]
[BlackElo "2525"]
[WhiteFideId "2903342"]
[BlackFideId "12100196"]
[EventDate "2012.06.04"]
[EventType "swiss"]

1. e4 c5 2. Nf3 d6 3. d4 cxd4 4. Nxd4 Nf6 5. Nc3 a6 6. Qf3 g6 7. h3 Bg7 8. Be3
Bd7 9. g4 Nc6 10. O-O-O Rc8 11. g5 Nh5 12. Nxc6 Bxc6 13. Bc4 O-O 14. Nd5 b5 15.
Bb6 Qd7 16. Bb3 Qb7 17. Bd4 a5 18. a3 Bxd5 19. exd5 e5 20. Be3 a4 21. Ba2 b4 22.
axb4 Qxb4 23. Bd2 Qb5 24. Qa3 Nf4 25. Kb1 Rb8 26. c4 Qd7 27. Bb4 e4 28. Bc3 Bxc3
29. Qxc3 Nd3 30. Rxd3 exd3 31. Qxd3 Qe7 32. f4 Rfe8 33. Ka1 Qa7 34. Rd1 Qf2 35.
Qd4 Qxd4 36. Rxd4 Re1+ 37. Bb1 a3 38. Rd2 a2 0-1

[Event "1st Grand Europe Open"]
[Site "Golden Sands BUL"]
[Date "2012.06.11"]
[Round "8.25"]
[White "Xiu, Deshun"]
[Black "Bykov, Alexey1"]
[Result "1/2-1/2"]
[WhiteTitle "GM"]
[BlackTitle "FM"]
[WhiteElo "2494"]
[BlackElo "2346"]
[WhiteFideId "8603693"]
[BlackFideId "4165365"]
[EventDate "2012.06.04"]
[EventType "swiss"]

1. c4 Nf6 2. d4 g6 3. Nf3 Bg7 4. g3 d5 5. Bg2 dxc4 6. Na3 c3 7. bxc3 O-O 8. O-O
c5 9. Ne5 Nfd7 10. Nec4 Nc6 11. e3 Nb6 12. Rb1 Nd5 13. Bd2 b6 14. dxc5 bxc5 15.
Rb5 e6 16. Rxc5 Bd7 17. Qc2 Rb8 18. e4 Nc7 19. Bf4 e5 20. Nxe5 Nxe5 21. Bxe5
Bxe5 22. Rxe5 Qf6 23. Ra5 Rfc8 24. e5 Qe6 25. Rd1 Nb5 26. Nxb5 Bxb5 27. a4 Bc4
28. Rb1 Qd7 29. Rb4 Qc7 30. Qb2 Rd8 31. Bf3 a6 32. Rc5 Qxc5 33. Rxb8 Qc7 34.
Rxd8+ Qxd8 35. Be2 Be6 36. f4 Qc7 37. Qb4 a5 38. Qd4 h5 39. c4 Qc6 40. c5 Bh3
41. Kf2 Qg2+ 42. Ke1 Qxh2 43. Qc3 Bc8 44. Qe3 Qh1+ 45. Kd2 1/2-1/2

[Event "1st Grand Europe Open"]
[Site "Golden Sands BUL"]
[Date "2012.06.11"]
[Round "8.26"]
[White "Simonian, Hrair"]
[Black "Omar, Noaman"]
[Result "1-0"]
[WhiteTitle "GM"]
[BlackTitle "FM"]
[WhiteElo "2475"]
[BlackElo "2322"]
[WhiteFideId "13302337"]
[BlackFideId "9300244"]
[EventDate "2012.06.04"]
[EventType "swiss"]

1. e4 e5 2. Nf3 Nc6 3. Bb5 Nf6 4. d3 Bc5 5. Bxc6 dxc6 6. Be3 Bxe3 7. fxe3 Qd6 8.
Nbd2 Be6 9. Qe2 Nd7 10. Ng5 O-O-O 11. O-O f6 12. Nxe6 Qxe6 13. a4 h5 14. b4 g6
15. b5 c5 16. a5 f5 17. a6 b6 18. Qf3 f4 19. exf4 Rh6 20. f5 Qd6 21. Nc4 Qd4+
22. Kh1 1-0

[Event "1st Grand Europe Open"]
[Site "Golden Sands BUL"]
[Date "2012.06.11"]
[Round "8.27"]
[White "Bernadskiy, Vitaliy"]
[Black "Parligras, Cosmin"]
[Result "0-1"]
[WhiteTitle "IM"]
[WhiteElo "2473"]
[BlackElo "2264"]
[WhiteFideId "14100371"]
[BlackFideId "1206494"]
[EventDate "2012.06.04"]
[EventType "swiss"]

1. d4 d5 2. c4 c6 3. cxd5 cxd5 4. Bf4 e6 5. Nc3 Bd6 6. Bxd6 Qxd6 7. e3 Nf6 8. f4
Ne4 9. Bd3 f5 10. Nf3 Nc6 11. O-O O-O 12. Rc1 Bd7 13. Nb5 Qe7 14. a3 Rfc8 15.
Qe1 a6 16. Nc3 Nxc3 17. Rxc3 Na7 18. Rf2 Rxc3 19. Qxc3 Rc8 20. Qd2 Nb5 21. Ne5
Nd6 22. Qb4 Rc1+ 23. Rf1 Rxf1+ 24. Bxf1 Be8 25. Bd3 Kf8 26. Qc5 g6 27. h3 Bb5
28. Bc2 Nc4 29. a4 Nxe5 30. axb5 Nc4 31. b6 Nd6 32. Ba4 Kf7 33. Kh2 Qd8 34. Bd1
Nc8 35. g4 Nxb6 36. gxf5 gxf5 37. Bh5+ Kg7 38. b3 Nc8 39. e4 fxe4 40. Bg4 Qd7
41. Qc1 h6 42. Bh5 Kh7 43. Qg1 Qg7 44. Bg4 Qf6 45. Qc1 Ne7 46. Qc7 Kg6 47. Qb8
Kf7 48. Qd6 b5 49. b4 Nf5 50. Bh5+ Kg7 51. Qc7+ Qe7 52. Qe5+ Kh7 53. Bg4 Qf7 54.
Bd1 h5 55. Kh1 Ng7 56. Be2 Qf5 57. Qc7 Qxh3+ 58. Kg1 Qg3+ 59. Kf1 e3 60. Bd3+
Kh6 0-1

[Event "1st Grand Europe Open"]
[Site "Golden Sands BUL"]
[Date "2012.06.11"]
[Round "8.30"]
[White "Cheparinov, Ivan"]
[Black "Bulmaga, Irina"]
[Result "1-0"]
[WhiteTitle "GM"]
[BlackTitle "WIM"]
[WhiteElo "2673"]
[BlackElo "2370"]
[WhiteFideId "2905540"]
[BlackFideId "13903063"]
[EventDate "2012.06.04"]
[EventType "swiss"]

1. e4 c6 2. d4 d5 3. e5 Bf5 4. Nf3 e6 5. Be2 Ne7 6. O-O c5 7. c3 Nd7 8. Be3 Nc6
9. Nbd2 cxd4 10. cxd4 Be7 11. a3 O-O 12. b4 a6 13. Rc1 a5 14. b5 Na7 15. a4 Rc8
16. Qb3 b6 17. Qb2 h6 18. Rxc8 Qxc8 19. Rc1 Qb7 20. Ne1 Rc8 21. Nd3 Rxc1+ 22.
Qxc1 Qc8 23. Qb2 h5 24. g3 Qc7 25. Qb3 g6 26. Kg2 Nc8 27. h3 Bxd3 28. Bxd3 Bb4
29. Nf3 Nf8 30. g4 hxg4 31. hxg4 Nh7 32. Qb1 Ne7 33. Ng1 Kg7 34. Be2 Ng8 35. f4
Nh6 36. Kf3 Qd8 37. Bf2 f5 38. gxf5 Nxf5 39. Qc2 Nf8 40. Qc6 Bd2 1-0

[Event "1st Grand Europe Open"]
[Site "Golden Sands BUL"]
[Date "2012.06.11"]
[Round "8.31"]
[White "Vuckovic, Bojan"]
[Black "Hassan, Abdullah"]
[Result "1/2-1/2"]
[WhiteTitle "GM"]
[BlackTitle "IM"]
[WhiteElo "2628"]
[BlackElo "2356"]
[WhiteFideId "922277"]
[BlackFideId "9300481"]
[EventDate "2012.06.04"]
[EventType "swiss"]

1. e4 e6 2. d4 d5 3. Nc3 Nf6 4. Bg5 dxe4 5. Nxe4 Be7 6. Bxf6 Bxf6 7. Nf3 Nd7 8.
Qd2 O-O 9. O-O-O b6 10. Bd3 Bb7 11. h4 Be7 12. c3 c5 13. Neg5 h6 14. Bh7+ Kh8
15. Bc2 Qc7 16. Qd3 Nf6 17. Ne5 Bd6 18. Rhe1 cxd4 19. Ng4 Ba6 20. Qxa6 Nxg4 21.
Qd3 Bf4+ 22. Kb1 g6 23. Nh3 h5 24. f3 Ne3 25. Nxf4 Qxf4 26. g3 Qf6 27. Qxd4 Qxd4
28. Rxd4 Nd5 29. Be4 Rae8 30. f4 Nf6 31. Bf3 Rd8 32. Rxd8 Rxd8 33. Kc2 Kg7 34.
b4 Rc8 35. a4 Kf8 36. Re3 Ke7 37. Kb3 Ne8 38. Be2 Nd6 39. Bd3 Nf5 40. Rf3 Rc6
41. Be4 Rc7 42. b5 Rc5 43. Rd3 Nd6 44. Bg2 Nc4 45. Kb4 Nd6 46. Bf3 Rc4+ 47. Kb3
Rc5 48. Kb4 Rc4+ 49. Kb3 Rc5 50. Kb4 Rc4+ 51. Kb3 1/2-1/2

[Event "1st Grand Europe Open"]
[Site "Golden Sands BUL"]
[Date "2012.06.11"]
[Round "8.32"]
[White "Panbukchian, Valentin"]
[Black "Atalik, Suat"]
[Result "0-1"]
[WhiteTitle "IM"]
[BlackTitle "GM"]
[WhiteElo "2359"]
[BlackElo "2608"]
[WhiteFideId "2900637"]
[BlackFideId "14401487"]
[EventDate "2012.06.04"]
[EventType "swiss"]

1. f4 c5 2. Nf3 Nc6 3. g3 g6 4. Bg2 Bg7 5. O-O Nf6 6. d3 O-O 7. e4 d6 8. Nbd2
Rb8 9. Re1 b5 10. Nf1 a5 11. h3 b4 12. c4 bxc3 13. bxc3 Ba6 14. Ba3 Nd7 15. Rc1
Nb4 16. Bxb4 axb4 17. e5 dxe5 18. fxe5 bxc3 19. Rxc3 Nxe5 20. Ra3 Nxf3+ 21. Bxf3
Bc8 22. Kg2 Be6 23. Ne3 Qd7 24. h4 Rfd8 25. Re2 Bb2 26. Ra5 Qxd3 27. Rxc5 Qa3
28. Qc2 Bd4 29. Rc7 Rb2 30. Nc4 Rxc2 0-1

[Event "1st Grand Europe Open"]
[Site "Golden Sands BUL"]
[Date "2012.06.11"]
[Round "8.33"]
[White "Nikolov, Momchil"]
[Black "Snuverink, Jochem"]
[Result "1-0"]
[WhiteTitle "GM"]
[WhiteElo "2553"]
[BlackElo "2354"]
[WhiteFideId "2905710"]
[BlackFideId "1005642"]
[EventDate "2012.06.04"]
[EventType "swiss"]

1. Nf3 Nf6 2. c4 e6 3. Nc3 Bb4 4. Qc2 O-O 5. a3 Bxc3 6. Qxc3 d5 7. e3 b6 8. b4
Ne4 9. Qc2 Bb7 10. Bb2 Nd7 11. d3 Ndf6 12. Be2 c5 13. O-O Qe7 14. bxc5 Nxc5 15.
a4 Rfc8 16. a5 dxc4 17. Qxc4 Ba6 18. Qb4 bxa5 19. Rxa5 Rab8 20. Qa3 Rb3 21. Qa1
Bxd3 22. Rxa7 Qxa7 23. Qxa7 Bxe2 24. Rc1 Rxb2 25. Ne5 h6 26. Qxf7+ Kh7 27. f3
Rb7 28. Qxb7 Nxb7 29. Rxc8 Nd6 30. Rc7 Bb5 31. e4 Ba4 32. g4 Kg8 33. h4 Nfe8 34.
Re7 g5 35. Rxe6 Nf7 36. Nxf7 Kxf7 37. Rxh6 gxh4 38. Kh2 Nf6 1-0